Μικροδιδασκαλία και άσκηση διδακτικών δεξιοτήτων

Αποθηκεύτηκε σε:
Λεπτομέρειες βιβλιογραφικής εγγραφής
Κύριος συγγραφέας: Καψάλης, Αχιλλέας Γ.
Άλλοι συγγραφείς: Βρεττός, Γιάννης Ε.
Μορφή: Βιβλίο
Γλώσσα:Greek
Δημοσίευση: Αθήνα : Διάδραση, 2010-2015.
Θέματα:
Ετικέτες: Προσθήκη ετικέτας
Δεν υπάρχουν, Καταχωρήστε ετικέτα πρώτοι!

MARC

LEADER 00000cam a2200000 i 4500
001 1/65449
008 150129s20102015gr | ||| |||| ||gre||
020 |a 9789609324298 
020 |a 9786185059514 
035 |l 10120793 
040 |a GR-MyUA  |b gre  |e AACR2 
041 0 |a gre 
082 0 |a 371.3  |2 (23) 
100 1 |a Καψάλης, Αχιλλέας Γ. 
245 1 0 |a Μικροδιδασκαλία και άσκηση διδακτικών δεξιοτήτων /  |c Αχιλλέας Γ. Καψάλης & Ιωάννης Ε. Βρεττός.  
260 |a Αθήνα :   |b Διάδραση,   |c 2010-2015.  
300 |a 231 σ. ;   |c 24 εκ.  
500 |a Τα αντίτυπα της Σάμου είναι έκδοση του 2015. 
504 |a Βιβλιογραφία: σ. 227-231.  
650 0 0 |a Education  |x Curricula. 
650 0 0 |a Teaching. 
650 0 0 |a Instructional systems. 
700 1 |a Βρεττός, Γιάννης Ε. 
852 |a INST  |b LESVOS  |c EUDOXUS  |e 20150129  |h 371.3 ΚΑΨ  |p 005100056144  |q 005100056144  |t EDX  |y 0 
852 |a INST  |b SAMOS  |c EUDOXUS  |e 20211124  |h 371.3 ΚΑΨ  |p 005300046377  |q 005300046377  |t NOLOAN  |y 23 
852 |a INST  |b SAMOS  |c EUDOXUS  |e 20211124  |h 371.3 ΚΑΨ  |p 005300047106  |q 005300047106  |t NOLOAN  |y 0 
901 |a BIBL1-2015-1 
909 |a Λ  |b 191669 
920 |a Εύδοξος  |b Παραγγελία  |y Σάμος  |z 2020-01 
920 |a Εύδοξος  |b Επιστροφή  |y Σάμος  |z 2021-11 
920 |a ΕΥΔΟΞΟΣ  |b ΠΑΡΑΓΓΕΛΙΑ  |y Λέσβος-ΤΚ  |z 2014-11 
970 |a ΤΖΑΦΕΡΗ  |b ΕΥΑΓΓΕΛΙΑ  |z 2015/01/27